|
|
|
|
| LEADER |
01177nam a2200277 a 4500 |
| 001 |
16814624 |
| 008 |
310112s2011 flu b 001 0 eng d |
| 010 |
|
|
|a 2011016738
|
| 020 |
|
|
|a 9781420094435 (hardcover : alk. paper)
|
| 040 |
|
|
|a DLC
|c DLC
|d BD-DhAAL
|
| 042 |
|
|
|a pcc
|
| 082 |
0 |
0 |
|a 005.8
|2 23
|
| 245 |
0 |
0 |
|a Official (ISC)2 guide to the ISSMP CBK /
|c editor, Harold F. Tipton.
|
| 260 |
|
|
|a Boca Raton :
|b Auerbach,
|c 2011.
|
| 300 |
|
|
|a xv, 452 p. :
|b ill. ;
|c 25 cm.
|
| 490 |
0 |
|
|a The (ISC)p2s press series
|
| 504 |
|
|
|a Includes bibliographical references and index.
|
| 541 |
1 |
|
|e 00024386
|
| 650 |
|
0 |
|a Computer security
|x Management
|x Examinations
|v Study guides.
|
| 650 |
|
0 |
|a Electronic data processing departments
|x Security measures
|x Examinations
|v Study guides.
|
| 650 |
|
0 |
|a Data protection
|x Examinations
|v Study guides.
|
| 650 |
|
0 |
|a Electronic data processing personnel
|x Certification.
|
| 700 |
1 |
|
|a Tipton, Harold F.
|
| 852 |
1 |
|
|a Ayesha Abed library
|c General Shelf
|
| 999 |
|
|
|c 11848
|d 11848
|
| 952 |
|
|
|0 0
|1 0
|2 ddc
|4 0
|6 005_800000000000000_OFF
|7 0
|9 19356
|a BRACUL
|b BRACUL
|c GEN
|d 2012-02-01
|e Karim International
|g 5150.00
|l 0
|o 005.8 OFF
|p 3010024386
|r 2012-02-01
|t 1
|w 2012-02-01
|y BK
|